| 000 | nam a22 7a 4500 | ||
|---|---|---|---|
| 999 |
_c328481 _d328481 |
||
| 003 | Nust | ||
| 005 | 20170408213423.0 | ||
| 008 | 170408b xxu||||| |||| 00| 0 eng d | ||
| 020 | _a9781840221152 | ||
| 040 | _cNust | ||
| 082 |
_a823 _bWOL |
||
| 100 | _aGoethe, Johann Wolfgang Von | ||
| 245 |
_aFaust; _ba tragedy in two parts with the urfaust / _cby Johann Wolfgang von Goethe; translated with an introduction and notes by John R. Williams |
||
| 260 |
_aLondon: _bWordsworth Classics, _c1999 |
||
| 300 | _a468 p. | ||
| 650 | _aFiction | ||
| 942 |
_2ddc _cBK |
||